000 00419nab a2200145Ia 4500
003 ES-SlBCS
005 20211008203002.0
008 140529s1958 xxu||||| |||| 00| 0 spa d
041 _aspa
100 1 _aRossi, Margherita Maria
_924218
245 0 0 _aEmpirismo
_c Margherita Maria Rossi
650 0 4 _aEmpirismo
_994274
773 0 _tGiornali di Metafisica
_gvol. 13, nº. 5, 1958, págs. 537-568
_w0017-0372
942 _cAR
999 _c670602
_d670602